000 00511nam a2200181Ia 4500
005 20250326124901.0
008 250326s9999 xx 000 0 und d
037 _aTextbook
040 _aFMSL
_beng
_cFMSL
041 _aeng
_2eng
084 _aX:8DR L0
_qFMSL
100 _aHurst J M
_9738162
245 0 _aProfit magic of stock transaction timing
_cHurst J M
260 _aNew Jersey
_bNew Jersey, Prentice-Hall
_c1970
300 _a223p
942 _cTB
_hX:8DR L0
999 _c1275635
_d1275635